Test prep and admissions GMAT : premier program (Record no. 175965)

MARC details
000 -LEADER
fixed length control field 00359nam a2200145Ia 4500
008 - FIXED-LENGTH DATA ELEMENTS--GENERAL INFORMATION
fixed length control field 231217s9999 xx 000 0 und d
041 ## - LANGUAGE CODE
Language code of text/sound track or separate title English
082 ## - DEWEY DECIMAL CLASSIFICATION NUMBER
Classification number 658.076 KAP;1 R
100 ## - MAIN ENTRY--PERSONAL NAME
Personal name Kaplan
245 #0 - TITLE STATEMENT
Title Test prep and admissions GMAT : premier program
260 ## - PUBLICATION, DISTRIBUTION, ETC.
Date of publication, distribution, etc. 2006
Name of publisher, distributor, etc. Simon
Place of publication, distribution, etc. New York
300 ## - PHYSICAL DESCRIPTION
Extent xiv+390
300 ## - PHYSICAL DESCRIPTION
Dimensions CD2256
942 ## - ADDED ENTRY ELEMENTS (KOHA)
Koha item type Books
Holdings
Date last seen Total checkouts Full call number Accession number Cost, total (INR) price Price effective from Category Lost status Damaged status Department Withdrawn status Home library Current library Shelving location Entry date Vendor Cost, normal purchase price Grants Billnumber Billdate Currency symbol Conversion rate Discount Old discount
26/01/2024   658.076 KAP;1 R 37283 834.94 26/01/2024 Books     F-Block Annex   Central Library Central Library F-Block Library Annex 02/08/2005 Book Paradise 21.50 MBA 25950 17/12/2005 USD 45.7 3.23 15
26/01/2024   658.076 KAP;2 R1 37284 834.94 26/01/2024 Books     F-Block Annex   Central Library Central Library F-Block Library Annex 02/08/2005 Book Paradise 21.50 MBA 25950 17/12/2005 USD 45.7 3.23 15
26/01/2024   658.076 KAP;3 37285 834.94 26/01/2024 Books     Central Library   Central Library Central Library Central Library 02/08/2005 Book Paradise 21.50 MBA 25950 16/01/2006 USD 45.7 3.23 15

© For any Suggestions or Query, please contact the library staff @ librarian@pes.edu or Phone: +9180 2672 1983/ 2108.